Βιομάζα, βιοενέργεια και περιβάλλον
Αποθηκεύτηκε σε:
| Κύριος συγγραφέας: | |
|---|---|
| Μορφή: | Βιβλίο |
| Γλώσσα: | Greek |
| Δημοσίευση: |
Θεσσαλονίκη :
Τζιόλα,
c2009
|
| Θέματα: | |
| Ετικέτες: |
Προσθήκη ετικέτας
Δεν υπάρχουν, Καταχωρήστε ετικέτα πρώτοι!
|
MARC
| LEADER | 00000nam a2200000 i 4500 | ||
|---|---|---|---|
| 001 | 1/47237 | ||
| 008 | 140514s2009 gre d | ||
| 020 | |a 978-960-418-167-4 | ||
| 035 | |l 10117620 | ||
| 040 | |a GR-MY-UA |b gre |e aacr | ||
| 041 | 0 | |a gre | |
| 082 | 0 | |a 662.88 |2 (23) | |
| 100 | 1 | |a Βάμβουκα, Δήμητρα. | |
| 245 | 1 | 0 | |a Βιομάζα, βιοενέργεια και περιβάλλον / |c Δέσποινα Βαμβούκα |
| 260 | |a Θεσσαλονίκη : |b Τζιόλα, |c c2009 | ||
| 300 | |a 702 σ.; |b πίν.; |c 25 εκ. | ||
| 504 | |a Περιέχει βιβλιογραφία και ευρετήριο | ||
| 650 | 0 | 0 | |a Biomass energy |x Environmental aspects. |
| 650 | 0 | 0 | |a Biomass |x Combustion. |
| 650 | 0 | 0 | |a Biomass energy |x Economics aspects. |
| 852 | |a INST |b LEMNOS |c EUDOXUS |e 20140514 |h 662.88 ΒΑΜ |p 005600001062 |q 005600001062 |t EDX |y 0 | ||
| 901 | |a BIBL6-2014-2 | ||
| 909 | |a Μ |b 161293 | ||
| 920 | |a ΕΥΔΟΞΟΣ |b ΠΑΡΑΓΓΕΛΙΑ |y ΛΗΜΝΟΣ-ΤΕΤΔ |z 2014-04 | ||
| 922 | |a 6ΕΛΗ | ||
| 970 | |a ΜΟΣΧΟΒΗ |b ΕΥΑΓΓΕΛΙΑ |z 2014/05/14 | ||